000 00337nam a22001457a 4500
003 SGT
082 _a617.0707
_bO21S
100 _aSingh, Priyanka
245 _aOral Epithelial Dysplasia
260 _aGurugram, Haryana
_bSGT University
_c2021
300 _a90
650 _aOral Pathology
653 _aOral Pathology
942 _2ddc
_cTH
999 _c23653
_d23653